MARC details
| 000 -CABECERA |
| campo de control de longitud fija |
02700cam a2200349 i 4500 |
| 001 - NÚMERO DE CONTROL |
| campo de control |
10045034 |
| 003 - IDENTIFICADOR DEL NÚMERO DE CONTROL |
| campo de control |
CaAEU |
| 005 - FECHA Y HORA DE LA ÚLTIMA TRANSACCIÓN |
| campo de control |
20250905085459.0 |
| 006 - CÓDIGOS DE INFORMACIÓN DE LONGITUD FIJA--CARACTERÍSTICAS DEL MATERIAL ADICIONAL |
| campo de control de longitud fija |
m o d |
| 007 - CAMPO FIJO DE DESCRIPCIÓN FÍSICA--INFORMACIÓN GENERAL |
| campo de control de longitud fija |
cr cnu---unuuu |
| 008 - DATOS DE LONGITUD FIJA--INFORMACIÓN GENERAL |
| campo de control de longitud fija |
200608s2020 bcc ob 001 0 eng |
| 015 ## - NÚMERO DE BIBLIOGRAFÍA NACIONAL |
| Número de bibliografía nacional |
20200269399 |
| Fuente |
can |
| 020 ## - NÚMERO INTERNACIONAL ESTÁNDAR DEL LIBRO |
| Número Internacional Estándar del Libro |
9781773271262 |
| 020 ## - NÚMERO INTERNACIONAL ESTÁNDAR DEL LIBRO |
| Número Internacional Estándar del Libro |
9781773271279 |
| 035 ## - NÚMERO DE CONTROL DEL SISTEMA |
| Número de control de sistema |
on1157209821 |
| 039 ## - NIVEL DE CONTROL BIBLIOGRÁFICO Y DETALLES DE CODIFICACIÓN [OBSOLETO] |
| Nivel de reglas en descripción bibliográfica |
exclude |
| 040 ## - FUENTE DE LA CATALOGACIÓN |
| Centro catalogador/agencia de origen |
NLC |
| Lengua de catalogación |
eng |
| Normas de descripción |
rda |
| Centro/agencia transcriptor |
NLC |
| Centro/agencia modificador |
NLC |
| -- |
YDX |
| -- |
N$T |
| -- |
UKAHL |
| -- |
YDX |
| -- |
OCLCF |
| -- |
EBLCP |
| -- |
OCLCO |
| -- |
OCLCQ |
| -- |
OCLCO |
| -- |
AEU |
| 042 ## - CÃDIGO DE AUTENTICACIÃN |
| Código de autenticación |
lac |
| 050 #4 - SIGNATURA TOPOGRÁFICA DE LA BIBLIOTECA DEL CONGRESO |
| Número de clasificación |
HD9999.L852 |
| Número de documento/Ítem |
R36 2020 |
| 100 ## - ENTRADA PRINCIPAL--NOMBRE DE PERSONA |
| Nombre de persona |
Rambourg, Erwan |
| Término indicativo de función/relación |
author. |
| 9 (RLIN) |
10819 |
| 245 10 - MENCIÓN DE TÍTULO |
| Título |
Future luxe |
| Resto del título |
: what's ahead for the business of luxury |
| Mención de responsabilidad, etc. |
/ Erwan Rambourg ; foreword by Franc̦ois-Henri Pinault. |
| 264 #1 - PRODUCCIÓN, PUBLICACIÓN, DISTRIBUCIÓN, FABRICACIÓN Y COPYRIGHT |
| Producción, publicación, distribución, fabricación y copyright |
Vancouver ; |
| -- |
Berkeley : |
| Nombre del de productor, editor, distribuidor, fabricante |
Figure.1, |
| Fecha de producción, publicación, distribución, fabricación o copyright |
2020. |
| 300 ## - DESCRIPCIÓN FÍSICA |
| Extensión |
1 online resource. |
| 504 ## - NOTA DE BIBLIOGRAFÍA, ETC. |
| Nota de bibliografía, etc. |
Includes bibliographical references and index. |
| 520 ## - SUMARIO, ETC. |
| Sumario, etc. |
"In Future Luxe: What's Ahead for the Business of Luxury, Erwan Rambourg identifies the major forces and emerging trends that are set to reshape luxury over the next decade. The expansion of Chinese consumption and the boost in women's spending power around the world will fuel continued growth in the industry--but even more importantly, fundamental changes are on the horizon. The younger generation is entering the luxury market, bringing new values and demands that will redefine the very meaning of luxury. The sector should expand in the realms of travel, health, leisure, even cannabis. For brands to resonate with these younger consumers they will have to develop substance beyond a high-quality product or a desirable logo. Greenwashing won't cut it--brands will need to take seriously issues like diversity, sustainability, and ethical production. To ensure his portrait of the industry has the depth and nuance of real-world experience, Rambourg interviews several CEOs from the largest groups and brands, including Kering, Cartier, Puma, and Moncler, in addition to drawing on his own observations from over two decades in luxury. Future Luxe is engaging, wise, and deeply informed, a vital read for those new to the industry as well as veterans planning for continued success."-- |
| Fuente proveedora |
Provided by publisher. |
| 588 ## - NOTA DE FUENTE DE LA DESCRIPCIÓN |
| Nota de fuente de la descripción |
Description based on online resource; title from digital title page (viewed on September 01, 2020). |
| 650 #0 - PUNTO DE ACCESO ADICIONAL DE MATERIA--TÉRMINO DE MATERIA |
| Término de materia o nombre geográfico como elemento de entrada |
Luxury goods industry |
| Subdivisión general |
Forecasting |
| 9 (RLIN) |
23334 |
| 650 #0 - PUNTO DE ACCESO ADICIONAL DE MATERIA--TÉRMINO DE MATERIA |
| Término de materia o nombre geográfico como elemento de entrada |
Luxuries |
| Subdivisión general |
Marketing |
| -- |
Forecasting |
| 9 (RLIN) |
23335 |
| 650 #0 - PUNTO DE ACCESO ADICIONAL DE MATERIA--TÉRMINO DE MATERIA |
| Término de materia o nombre geográfico como elemento de entrada |
Consumption (Economics) |
| Subdivisión general |
Forecasting |
| 9 (RLIN) |
23336 |
| 856 ## - LOCALIZACIÓN Y ACCESO ELECTRÓNICOS |
| Identificador Uniforme del Recurso |
<a href="https://bibliotheque.tbs-education.fr/Default/doc/SYRACUSE/3398898/future-luxe-what-s-ahead-for-the-business-of-luxury-erwan-rambourg-foreword-by-francois-henri-pinaul">https://bibliotheque.tbs-education.fr/Default/doc/SYRACUSE/3398898/future-luxe-what-s-ahead-for-the-business-of-luxury-erwan-rambourg-foreword-by-francois-henri-pinaul</a> |
| 942 ## - ELEMENTOS DE ENTRADA AGREGADA (KOHA) |
| Fuente del sistema de clasificación o colocación |
Clasificación de Library of Congress |